000 00613nam a2200193 a 4500
005 20220928063437.0
008 991125s1992 ag 000 0 spa u
020 _a9507550348
035 _aUPN01000008150
049 _aF
050 4 _aLB1715
_bL55 no.3
100 1 _aPérez Alvarez, Sergio
_928611
245 1 0 _aCinco cuestiones actuales de la investigación educativa /
_cSergio Pérez Alvarez.
260 _aBuenos Aires :
_bBraga,
_c1992.
300 _a31 p.
440 0 _aLineamientos.
_pCuadernos de orientación educativa ;
_v3
650 7 _aEducación primaria
_xInvestigación
_2
_916040
905 _aLibro
999 _c8150
_d8150